书目信息 |
| 题名: |
Delphi 3.0/4.0多媒体与数据库编程
|
|
| 作者: | 吴旭东 著 | |
| 分册: | ||
| 出版信息: | 北京 清华大学出版社 1998.10 |
|
| 页数: | 341页 | |
| 开本: | 16开 | |
| 丛书名: | ||
| 单 册: | ||
| 中图分类: | ||
| 科图分类: | ||
| 主题词: | 软件 | |
| 电子资源: | ||
| ISBN: | 7-302-03137-1 | |
| 000 | 00613nam0 2200205 45 | |
| 001 | 9912021556 | |
| 005 | 19991202150500.8 | |
| 010 | @a7-302-03137-1@d29.00元 | |
| 100 | @a19991202d1998 km y0chiy0120 ea | |
| 101 | @achi | |
| 105 | @a z 000yy | |
| 200 | 1 | @aDelphi 3.0/4.0多媒体与数据库编程@ADelphi 3.0/4.0Duo Mei Ti Yu Shu Ju Ku Bian Cheng@f吴旭东,余涛著@FWu Xu Dong,Yu Tao Zhu |
| 210 | @a北京@c清华大学出版社@d1998.10 | |
| 215 | @a341页@d16开 | |
| 606 | 0 | @a软件 |
| 690 | @v3 | |
| 690 | @aTP311.134.3 | |
| 701 | @a吴旭东@4著 | |
| 801 | @aCN@bPFTUser@c19991202 | |
| 905 | @f2@b45549-550@dTP311.134.3@eW204 | |
| Delphi 3.0/4.0多媒体与数据库编程/吴旭东,余涛著.-北京:清华大学出版社,1998.10 |
| 341页;16开 |
| ISBN 7-302-03137-1:29.00元 |
| ● |
| 相关链接 |
|
|
|
正题名:Delphi 3.0/4.0多媒体与数据库编程
索取号:TP311.134.3/W204
 
预约/预借
| 序号 | 登录号 | 条形码 | 馆藏地/架位号 | 状态 | 备注 |
| 1 | 45549 | 200455499 | 期刊室512/301自科库 41排1列2层/ [索取号:TP311.134.3/W204] | 在馆 | |
| 2 | 45550 | 200455505 | 期刊室512/301自科库 41排1列2层/ [索取号:TP311.134.3/W204] | 在馆 |